FIFA World Cup Finalist Teams - Sudden Death - Statistics

General Stats
  • This quiz has been taken 206 times
  • The average score is 9 of 13
Answers on the Grid
Answers color-coded by a green-red scale on the quiz's grid according to % correct below.
Germany
Brazil
Italy
Argentina
France
Netherlands
Uruguay
Czechoslovakia
Hungary
England
Spain
Sweden
Croatia
Mexico
Belgium
Yugoslavia
Switzerland
Soviet Union
South Korea
United States
Chile
Poland
Paraguay
Scotland
Portugal
Cameroon
Austria
Bulgaria
Romania
Japan
 
Answer Stats
Answer % Correct
Italy
84%
Argentina
82%
Brazil
81%
Germany
79%
Netherlands
79%
Uruguay
79%
England
78%
France
77%
Spain
76%
Croatia
60%
Hungary
47%
Sweden
44%
Czechoslovakia
35%
No matching quizzes found
Score Distribution
Percent of People with Each Score
Percentile by Number Answered
Your Score History
You have not taken this quiz